Statistics for World Capitals Closest to Buenos Aires

Click here to take the quiz!

General Stats

  • This quiz has been taken 204 times
  • The average score is 14 of 20

Answer Stats

kmcapitalmiles% Correct
1140Santiago708
99%
2343Brasília1456
98%
3141Lima1952
97%
206Montevideo128
96%
4366Quito2713
96%
1862Sucre / La Paz1157
96%
4674Bogotá2905
95%
1043Asunción648
94%
5099Caracas3169
94%
5339Panama City3317
92%
4608Georgetown2863
87%
4517Paramaribo2807
80%
5048Port-of-Spain3136
64%
5325Kingstown3309
44%
5419Castries3367
43%
5566Roseau3458
42%
5311Bridgetown3300
39%
5207Saint George's3236
39%
5387O{ranjestad}3347
17%
5318W{illemstad}3305
15%

Score Distribution

Percentile by Number Answered

Percent of People with Each Score

Your Score History

You have not taken this quiz